00714nam a2200205 a 4500001001000000005001700010008004100027040001300068041000800081044000700089050002500096245005900121260003000180300002300210500013800233600003500371650004100406650004000447700002100487BRCA_172520190320203526.0940114s1993 mx-a---##c---#000-0bspa-# aDLCcDLC aspa amx 4aTR140.K34b.G85 199310aGuillermo Kahlobfotógrafo, 1872-1941 : vida y obra. aMéxicobCONACULTAc1993 a30 p.bil.c16 cm. aCatálogo de la exposición realizada en el Museo Estudio Diego Rivera, Museo Nacional de Arquitectura y el Museo Franz Mayer, 199314aKahlo, GuillermovExposiciones14aFotografíavExposicioneszMéxico14aFotógrafosvBiografíazMéxico1 aKahlo, Guillermo